Top 10 Most Powerful European Passports - Statistics

General Stats
  • This quiz has been taken 52 times
    30 since last reset
  • The average score is 25 of 28
Answer Stats
Ranking Access Country % Correct
4th 187 France
100%
1st 190 Germany
100%
2nd 189 Italy
100%
2nd 189 Spain
96%
5th 186 Switzerland
96%
6th 185 United Kingdom
96%
2nd 189 Finland
93%
6th 185 Greece
93%
6th 185 Norway
93%
4th 187 Portugal
93%
4th 187 Sweden
93%
3rd 188 Austria
89%
3rd 188 Denmark
89%
8th 181 Estonia
89%
4th 187 Ireland
89%
8th 181 Latvia
89%
4th 187 Netherlands
89%
5th 186 Belgium
86%
7th 182 Lithuania
86%
8th 181 Slovenia
86%
2nd 189 Luxembourg
82%
7th 182 Slovakia
82%
6th 185 Czech Republic
79%
7th 183 Hungary
79%
10th 178 Liechtenstein
79%
6th 185 Malta
79%
7th 182 Poland
79%
9th 180 Iceland
71%
No matching quizzes found
Score Distribution
Percent of People with Each Score
Percentile by Number Answered
Your Score History
You have not taken this quiz since the last reset